Famine and Food Supply in The Graeco-Roman World (Record no. 3121)

MARC details
000 -LEADER
fixed length control field 00355nam a22001337a 4500
008 - FIXED-LENGTH DATA ELEMENTS--GENERAL INFORMATION
fixed length control field 250423b |||||||| |||| 00| 0 eng d
020 ## - INTERNATIONAL STANDARD BOOK NUMBER
ISBN 0521351987
100 ## - MAIN ENTRY--AUTHOR
Author GARMSEY, Peter
245 ## - TITLE STATEMENT
Title Famine and Food Supply in The Graeco-Roman World
260 ## - PUBLICATION, DISTRIBUTION, ETC. (IMPRINT)
Place of publication Australia
Name of publisher Press Syndicate
Date of publication 1988
300 ## - COLLATION
Pagination xiv, 303p.
942 ## - ADDED ENTRY ELEMENTS (KOHA)
Item type Books
050 ## - LIBRARY OF CONGRESS CALL NUMBER
Classification number HD9015
Item number .G37
Holdings
Source of classification or shelving scheme Not for loan Permanent location Current location Date acquired Accession No. Full call number Barcode. Koha item type
Library of Congress Classification   Samuel Ogbemudia Main Library, University of Abuja Samuel Ogbemudia Main Library, University of Abuja 04/23/2025 90-002541 HD9015.G37 2025-1538 Books